• 首页
  • 本馆介绍
  • 公告通知
  • 最新文献
  • 馆藏检索
  • 电子资源
  • 读者导购
  • 参考咨询
  • 我的图书馆
  • 登录
  • 详细信息显示
  • 放入我的书架
  • 预约/预借图书
  • 作者相关作品
  • 分类相关作品
  • 丛书相关作品
  • 出版社相关作品

书目信息

  • 表格格式
  • 工作单格式
  • 卡片格式
题名:
发展与教育心理学实验指导
    
 
作者: 王美芳 主编
分册:  
出版信息: 济南   山东人民出版社  2009
页数: 299页
开本: 24cm
丛书名: 心理学实验指导丛书
单 册:
中图分类: B844 , G44
科图分类:
主题词: 发展心理学--高等学校--教学参考资料 , 教育心理学--高等学校--教学参考资料
电子资源:
ISBN: 978-7-209-05019-7
000 00969oam2 2200289 450
001 1552006643
005 20150131142707.35
010    @a978-7-209-05019-7@dCNY32.00
100    @a20091104d2009 em y0chiy50 ea
101 0  @achi
102    @aCN@b370000
105    @aa z 000yy
200 1  @a发展与教育心理学实验指导@9fa zhan yu jiao yu xin li xue shi yan zhi dao@f王美芳[等]主编
210    @a济南@c山东人民出版社@d2009
215    @a299页@c图@d24cm
225 2  @a心理学实验指导丛书
300    @a21世纪高等院校规划教材
304    @a主编还有:司继伟、王惠萍、张震
330    @a本书内容包括导论、发展心理学演示性实验、发展心理学操作性实验、教育心理学实验等。
461  0 @12001 @a心理学实验指导丛书
606 0  @a发展心理学@x高等学校@j教学参考资料
606 0  @a教育心理学@x高等学校@j教学参考资料
690    @aB844@v5
690    @aG44@v5
701  0 @a王美芳@9wang mei fang@c(女,大学教师)@4主编
801  0 @aCN@bTSSF@c20150131
905    @aZUCC@dB844@eJY26
    
    发展与教育心理学实验指导/王美芳[等]主编.-济南:山东人民出版社,2009
    299页:图;24cm.-(心理学实验指导丛书)
    21世纪高等院校规划教材
    
    ISBN 978-7-209-05019-7:CNY32.00
    本书内容包括导论、发展心理学演示性实验、发展心理学操作性实验、教育心理学实验等。
●
相关链接 在E读中查询图书 在五车中查询图书 在当当中查询图书 在豆瓣中查询图书


正题名:发展与教育心理学实验指导     索取号:B844/JY26         预约/预借

序号 登录号 条形码 馆藏地/架位号 状态 备注
1 7857395   278573955   学院路分馆/ [索取号:B844/JY26] 在馆    
唐山师范学院图书馆 欢迎您!
大连网信软件有限公司© 版权所有